| 000 | 01488nam1a2200301 i 4500 | ||
|---|---|---|---|
| 001 | RU\NLR\bibl\1022679 | ||
| 005 | 20260607071226.0 | ||
| 035 | _a(NLR Aleph) 001010198 | ||
| 090 |
_a633650 _c633650 |
||
| 100 | _a20061215g20069999u y0rusy50 ca | ||
| 101 | 0 | _arus | |
| 102 | _aRU | ||
| 105 | _a||||z ||||| | ||
| 200 | 1 |
_aТеория прямоточного воздушного-реактивного двигателя _eучебное пособие по курсу "Специальные двигатели ракетного оружия" _fГ.Ю. Мазинг, И.Е. Никитина _gМоск. гос. техн. ун-т им. Н.Э. Баумана |
|
| 210 |
_aМосква _cИзд-во МГТУ _d2006 |
||
| 215 | _d21 | ||
| 225 | 1 | _aУчебное пособие | |
| 463 | 0 | _10011017165 | |
| 606 | 1 |
_aПрямоточные воздушно-реактивные двигатели _jУчебные издания для высших учебных заведений _xТеория _92450197 _3RU\NLR\auth\661456861 |
|
| 686 | _aО551.421-01я73-1 | ||
| 700 | 1 |
_4070 _7ca _8rus _aМазинг _bГ. Ю. _f1921-1999 _gГеоргий Юрьевич _9126260 _3RU\NLR\auth\7716624 |
|
| 701 | 1 |
_4070 _7ca _8rus _aНикитина _bИ. Е. _cинженер _gИрина Евгеньевна _929218 _3RU\NLR\auth\7746283 |
|
| 801 | 0 |
_aRU _bNLR _c20061215 _grcr |
|
| 801 | 1 |
_aRU _bNLR _c20061215 |
|
| 830 | _aавт. по кн. | ||
| 852 |
_aNLR _j2006-4/34744 |
||
| 942 | _cBOOK | ||